| 000 | 00749nam a2200205Ii 4500 | ||
|---|---|---|---|
| 003 | JO-AjNU | ||
| 008 | 230605s9999||||xx |||||||||||||| ||und|| | ||
| 040 |
_aJO-AjNU _bara _erda _cJO-AjNU |
||
| 041 | _aara | ||
| 050 | 1 | 4 | _aDS36.855 I36 2000 |
| 100 | 3 |
_aاسماعيل، محمود, _eauthor _99756 |
|
| 245 | 0 | 0 | _aسوسيولوجيا الفكر الاسلامي طور الانهيار(2) : العلوم - الاداب - الفنون، الجزء الثاني |
| 250 | _aط1 | ||
| 264 | 3 | 1 | _aبيروت: سينا للنشر، 2000 |
| 300 | _aج2، 175ص | ||
| 336 |
_atext _btxt _2rdacontent |
||
| 337 |
_aunmediated _bn _2rdamedia |
||
| 338 |
_avolume _bnc _2rdacarrier |
||
| 650 | 4 |
_aالعالم الاسلامي- طور الانهيار _99757 |
|
| 999 |
_aA1462 _c5030 _d5030 |
||